MARC details
| 000 -CABECERA |
| campo de control de longitud fija |
01620nam a2200313 a 4500 |
| 001 - NÚMERO DE CONTROL |
| campo de control |
000030687 |
| 003 - IDENTIFICADOR DEL NÚMERO DE CONTROL |
| campo de control |
OSt |
| 005 - FECHA Y HORA DE LA ÚLTIMA TRANSACCIÓN |
| campo de control |
20201001123911.0 |
| 008 - DATOS DE LONGITUD FIJA--INFORMACIÓN GENERAL |
| campo de control de longitud fija |
110526s1921 wauab 000 0 spa d |
| 040 ## - FUENTE DE LA CATALOGACIÓN |
| Centro catalogador/agencia de origen |
DO-SdBNP |
| Lengua de catalogación |
spa |
| Centro/agencia transcriptor |
BNPHU |
| 082 #4 - NÚMERO DE LA CLASIFICACIÓN DECIMAL DEWEY |
| Número de clasificación |
559.7293 |
| Número de documento/Ítem |
V364g |
| 100 1# - ENTRADA PRINCIPAL--NOMBRE DE PERSONA |
| Nombre de persona |
Vaughan, Thomas Wayland, |
| Fechas asociadas al nombre |
1870-1952. |
| 9 (RLIN) |
36748 |
| 245 10 - MENCIÓN DE TÍTULO |
| Título |
A geological reconnaissance of the dominican republic / |
| Mención de responsabilidad, etc. |
T. W. Vaughan, Wythe Cooke, D. D. Condit, C. P. Ross, W. P. Woodring, F. C. Calkins. |
| 260 ## - PUBLICACIÓN, DISTRIBUCIÓN, ETC. |
| Lugar de publicación, distribución, etc. |
Washington : |
| Nombre del editor, distribuidor, etc. |
[Gibson brothers, inc.], |
| Fecha de publicación, distribución, etc. |
1921. |
| 300 ## - DESCRIPCIÓN FÍSICA |
| Extensión |
268 p. : |
| Otras características físicas |
il. ; |
| Dimensiones |
26 cm. |
| 490 1# - MENCIÓN DE SERIE |
| Designación de volumen o secuencia |
1 |
| 500 ## - NOTA GENERAL |
| Nota general |
A la cabeza del titulo : Thomas Snowden, rear admiral, U.S. navy, military governor of Santo Domingo. R.M. Warfield, lieut. commander, C.E.C., U.S. navy, in charge of the Secretaryship of state of fomento and communications. Geological survey of the Dominican republic. Thomas Wayland Vaughan, geologist in charge. Official publications of the Secretaryship of state of fomento and communications, Dominican republic. |
| 500 ## - NOTA GENERAL |
| Nota general |
Publicación oficial de la Secretaryship of state of fomento and<br/> communications, Dominican republic. |
| 504 ## - NOTA DE BIBLIOGRAFÍA, ETC. |
| Nota de bibliografía, etc. |
Bibliografía: p. 18-25. |
| 650 ## - PUNTO DE ACCESO ADICIONAL DE MATERIA--TÉRMINO DE MATERIA |
| Término de materia o nombre geográfico como elemento de entrada |
Geología |
| Subdivisión geográfica |
República Dominicana |
| 9 (RLIN) |
1742 |
| 700 12 - PUNTO DE ACCESO ADICIONAL--NOMBRE DE PERSONA |
| Nombre de persona |
Cooke, Charles Wythe, |
| Fechas asociadas al nombre |
1887- |
| 9 (RLIN) |
57265 |
| 700 12 - PUNTO DE ACCESO ADICIONAL--NOMBRE DE PERSONA |
| Nombre de persona |
Condit, Daniel Dale, |
| Fechas asociadas al nombre |
1886- |
| 9 (RLIN) |
57266 |
| 700 12 - PUNTO DE ACCESO ADICIONAL--NOMBRE DE PERSONA |
| Nombre de persona |
Ross, Clyde P. (Clyde Polhemus), |
| Fechas asociadas al nombre |
1891- |
| 9 (RLIN) |
57267 |
| 700 12 - PUNTO DE ACCESO ADICIONAL--NOMBRE DE PERSONA |
| Nombre de persona |
Woodring, W. P. (Wendell Phillips), |
| Fechas asociadas al nombre |
1891-1983. |
| 9 (RLIN) |
57268 |
| 711 2# - PUNTO DE ACCESO ADICIONAL--NOMBRE DE REUNIÓN/CONGRESO |
| Nombre de congreso/reunión o jurisdicción como elemento de entrada |
Geological Survey (U.S.) |
| 9 (RLIN) |
76724 |
| 830 #0 - PUNTO DE ACCESO ADICIONAL DE SERIE-TÍTULO UNIFORME |
| Número de parte o sección de la obra |
1 |
| 9 (RLIN) |
57269 |
| 910 ## - DATOS DE OPCIÓN DEL USUARIO (OCLC) |
| Datos de opción del usuario |
Validado. Control de calidad MFF |
| 942 ## - ELEMENTOS DE PUNTO DE ACCESO ADICIONAL (KOHA) |
| Fuente del sistema de clasificación o colocación |
Dewey Decimal Classification |
| Tipo de ítem Koha |
Libros y folletos |